| 000 | 00438nam a2200181Ia 4500 | ||
|---|---|---|---|
| 003 | 0100 | ||
| 008 | 130303s9999 xx 000 0 und d | ||
| 040 | _cARRUPELIB | ||
| 050 | _aBP173.5.V48 2001 | ||
| 100 | _aViorst, Milton | ||
| 245 | _aIn the shadow of the prophet | ||
| 245 | _bthe struggle for the soul of Islam | ||
| 260 | _bWestview Press | ||
| 260 | _C2001 | ||
| 300 | _axii | ||
| 300 | _b 355p. 26cm. | ||
| 942 |
_2lcc _01 |
||
| 999 |
_c63534 _d63534 |
||